00784 2200205 4500001002100000005001700021008004100038035002500079082001100104090002100115100002100136245017300157260006100330300003700391500006200428500003100490650002700521850001200548990001800560YOGYA-0209000004394020150423134201.0 ind  a0010-020900000043940 a297.77 aSK 297.77bHid S aHIDAYATI, Wakhid aStudi korelasi antara penghasilan orangtua dengan prestasi belajar pendidikan agama Islam bagi siswa SMEA MAARIF Temon Kokap Kabupaten Kulon Progocoleh Wakhid Hidayati aYogyakartabFak. Tarbiyah Universitas Cokroaminotoc1995 aix, 70, [15] lembarbilusc29 cm aSkripsi Fak. Tarbiyah Universitas Cokroaminoto Yogyakarta aBibliografi : lembar 69-70 aPendidikan agama Islam aYOPDYOG a26471-PD/A.07